Contribución al conocimiento de la florura del Parque Nacional Natural El Tuparro / (Registro nro. 666)
[ vista simple ]
| 000 -CABECERA | |
|---|---|
| Campo de control | 00953nam a2200241 i 4500 |
| 005 - FECHA Y HORA DE LA ULTIMA TRANSACCION | |
| Campo de control | 20180122161452.0 |
| 008 - ELEMENTOS DE LONGITUD FIJA—INFORMACION GENERAL | |
| Campo de control | 140221b1299 ck ||||| |||| 00| 0 spa d |
| 040 ## - FUENTE DE CATALOGACIÓN | |
| Agencia catalogadora original | CO-BoIAVH |
| Agencia transcriptora | CO-BoIAVH |
| 041 ## - IDIOMA | |
| Código de idioma para texto/pista de sonido o título separado | Español |
| 044 ## - PAÍS DE PUBLICACIÓN | |
| País de publicación | Colombia |
| 090 ## - CLASIFICACIÓN LOCAL | |
| Colección | IND- |
| Consecutivo | 82 |
| 100 1# - ASIENTO PRINCIPAL--NOMBRE PERSONAL | |
| Nombre personal | Barbosa Castillo, César Eduardo |
| 9 (RLIN) | 8631 |
| 245 10 - MENCION DE TITULO | |
| Título | Contribución al conocimiento de la florura del Parque Nacional Natural El Tuparro / |
| Mención de responsabilidad | César Eduardo Barbosa Castillo. |
| 260 ## - PUBLICACION, DISTRIBUCION, ETC. (PIE DE IMPRENTA) | |
| Lugar de publicación, distribución, etc. | Bogotá : |
| Nombre del editor, distribuidor, etc. | Inderena, |
| Fecha de publicación, distribución, etc. | 1992. |
| 300 ## - DESCRIPCION FISICA | |
| Extensión | 271. páginas |
| Otros detalles físicos | ilustraciones |
| 490 00 - MENCION DE SERIE | |
| Mención de serie | Serie publicaciones especiales del Inderena, Biblioteca Andres Posada Arango |
| Designación numérica/secuencial del volumen | 3 |
| 650 14 - ASIENTO SECUNDARIO DE MATERIA - TERMINO TEMATICO | |
| Término temático o nombre geográfico como elemento de entrada | Parque Nacional Natural |
| Subdivisión general | Vegetación |
| Subdivisión geográfica | Colombia |
| 9 (RLIN) | 89313 |
| 650 24 - ASIENTO SECUNDARIO DE MATERIA - TERMINO TEMATICO | |
| Término temático o nombre geográfico como elemento de entrada | Plantas |
| Subdivisión general | Lista de especies |
| Subdivisión geográfica | Colombia |
| 9 (RLIN) | 89314 |
| 650 24 - ASIENTO SECUNDARIO DE MATERIA - TERMINO TEMATICO | |
| Término temático o nombre geográfico como elemento de entrada | Flores |
| Subdivisión general | Descripción |
| Subdivisión geográfica | Colombia |
| 9 (RLIN) | 89315 |
| 650 24 - ASIENTO SECUNDARIO DE MATERIA - TERMINO TEMATICO | |
| Término temático o nombre geográfico como elemento de entrada | Flores |
| Subdivisión general | Clasificación |
| Subdivisión geográfica | Colombia |
| 9 (RLIN) | 89316 |
| 650 24 - ASIENTO SECUNDARIO DE MATERIA - TERMINO TEMATICO | |
| Término temático o nombre geográfico como elemento de entrada | Aspectos climatológicos |
| Subdivisión general | Geomorfología |
| Subdivisión geográfica | Colombia |
| 9 (RLIN) | 89317 |
| 942 ## - ELEMENTOS ADICIONALES (KOHA) | |
| Tipo de ítem | Libro |
| Sistema de clasificación | Local |
| Withdrawn status | Lost status | Sistema de Clasificación | Damaged status | No para préstamo | Colección | Inventariado | Ubicación Permanente | Ubicación actual | Fecha de adquisición | Fuente de Valor | Total Checkouts | Número topográfico | Inventario / Código de Barras | Date last seen | Ejemplar | Price effective from | Forma de adquisición | Tipo de material | Valor |
|---|---|---|---|---|---|---|---|---|---|---|---|---|---|---|---|---|---|---|---|
| Local | Fondo Inderena | Inventariado 2017 | Bogotá | Bogotá | 07/02/1998 | Instituto | IND-82 | 000944 | 04/12/2012 | Ej. 1 | 04/12/2012 | Traslado Inderena | Libro | ||||||
| Local | Fondo Inderena | Inventariado 2017 | Bogotá | Bogotá | 13/09/2016 | Instituto | IND-82 | 040680 | 13/09/2016 | Ej. 2 | 13/09/2016 | Traslado Inderena | Libro | ||||||
| Dewey Decimal Classification | General | Inventariado 2017 | Sala Fabio Quevedo | Sala Fabio Quevedo | 07/02/1998 | Instituto | LB-581.7 B23c | 000945 | 04/12/2012 | Ej. 2 | 04/12/2012 | Libro | 10000.00 | ||||||
| Dewey Decimal Classification | General | Inventariado 2017 | Sala Fabio Quevedo | Sala Fabio Quevedo | 18/08/2017 | Instituto | LB-581.7 B23c | 034577 | 18/08/2017 | Ej. 4 | 18/08/2017 | Donación | Libro |